000 00742cam a2200241 4500
001 3606
005 20230404125629.0
008 060907n1989 cu spa
020 _a9591200587
035 _9funglode3625
041 _aspa
050 1 4 _aCD F 00574
100 _aLópez ´lvarez, Roberto
245 1 3 _aEl guion en emisiones informativas /
_cRoberto López ´lvarez
260 _aLa habana :
_bEditorial Pablo de la Torriente,
_c1989
300 _a91 p.
440 _aTécnicas de periodismo
650 0 _aTelevision broadcasting of news
_vHandbooks, manuals, etc.
650 0 _aTelevision broadcasting of news
_zCuba.
653 _aTelevisión
_aProgramas
_aGuiones.
653 _aPeriodismo cubano.
942 _2lcc
_ccd
999 _c1404
_d1404